000 00309cam a22001097a 4500
008 180718b1955 xxu||||| |||| 00| 0 eng d
082 _aB73043x5442
100 _aBombay. Health and Local Government Department
245 _aBombay municipal account code
260 _aBombay
_bThe author
_c1955
300 _a184p.
999 _c392451
_d392451